Krajan

Podrobná bibliografia
Médium: Noviny
Jazyk:maďarčina
slovenčina
PhysicalDescription:4 zv. 27 cm
Vydavateľské údaje: Pešť Gustáv Emich 1865-1968
Predmet:

MARC

LEADER 00000cas a22000002a 4500
001 vtls001419690
003 SK-MaSNL
005 20260228160509.0
008 010905d18651868hu qr|n 0 0b0hun c
035 |a SNK000374516 
040 |a SNK  |b slo  |c SNK  |e AACR2 
041 0 |a slo 
044 |a hu  |c HU 
072 7 |a 32  |x Politika  |2 konspekt 
072 7 |a 394  |x Verejný a spoločenský život. Každodenný život  |2 konspekt 
080 |a 050  |2 2 011 
080 |a 32  |2 2011 
080 |a 316.728  |2 2011 
080 |a 314/316(051)  |2 2011 
245 0 0 |a Krajan 
260 |a Pešť  |b Gustáv Emich  |c 1865-1968 
300 |a 4 zv.  |c 27 cm 
310 |a 4x ročne 
362 0 |a Roč. I, č. 1 (1865)-roč. IV, č. 104 (31.12.1868) 
650 0 7 |a politika  |2 SNKPH  |9 968 
650 0 7 |a spoločenský život  |2 SNKPH  |9 28654 
655 7 |a spoločenské časopisy  |2 SNKPH  |9 70515 
752 |a Maďarsko  |d Budapešť 
859 |a snk 
999 |c 2802  |d 4732 
952 |0 0  |1 0  |4 0  |7 0  |a SNK  |b SNK  |d 2001-09-05  |l 0  |o snkČSA 9/1/1865  |p 17A0311455  |r 2005-01-02 00:00:00  |w 2026-02-21  |y PREZ 
952 |0 0  |1 0  |4 0  |7 0  |a SNK  |b SNK  |d 2001-09-05  |l 0  |o snkČSA 9/2-3/1866-67  |p 17A0311350  |r 2005-01-02 00:00:00  |w 2026-02-21  |y PREZ